000 00625nam a2200217 a 4500
005 20140311163028.0
008 091207s19uu xx 00 eng d
020 _a9780205612581
050 _aPN 4784.B75
_b.P36 2010
100 _aPapper, Robert A.
245 _aBroadcast news and writing stylebook /
_cRobert A. Papper.
260 _aBoston, M.A :
_bPearson Education,
_c2010.
300 _a294 p. :
_c23 cm.
521 _aMC
650 _aBroadcast journalism
_xAuthorship.
650 _aJournalism
_xStyle manuals.
650 _aReport writing.
942 _cBK
_2lcc
_kFOR
999 _c39593
_d39593